Основы термодинамики: учение о преобразованиии тепловой энергии в механическую работу в применении к тепловым двигателям; для технических училищ

Dettagli Bibliografici
Autore principale: Яшнов А. И.
Lingua:russo
Pubblicazione: Москва, Госиздат, 1922
Soggetti:
Natura: Libro
KOHA link:https://koha.lib.tpu.ru/cgi-bin/koha/opac-detail.pl?biblionumber=319944

MARC

LEADER 00000nam0a2200000 4500
001 319944
005 20231102003229.0
035 |a (RuTPU)RU\TPU\book\345467 
090 |a 319944 
100 |a 20160618d1922 m y0rusy50 ca 
101 0 |a rus 
102 |a RU 
105 |a a j 000zy 
200 1 |a Основы термодинамики  |e учение о преобразованиии тепловой энергии в механическую работу в применении к тепловым двигателям  |e для технических училищ  |g Ч.1 : Первый закон термодинамики. Газы. Пары  |f А. И. Яшнов 
210 |a Москва  |c Госиздат  |d 1922 
215 |a 174 с.  |c ил. 
606 1 |a Термодинамика  |2 stltpush  |3 (RuTPU)RU\TPU\subj\59922  |9 77416 
610 1 |a учебные пособия 
610 1 |a теплофизика 
610 1 |a энергия 
610 1 |a законы 
610 1 |a закон сохранения энергии 
610 1 |a закон Майера 
610 1 |a первый закон термодинамики 
610 1 |a газы 
610 1 |a закон Джоуля 
610 1 |a закон Пуассона 
610 1 |a пар 
610 1 |a парообразование 
610 1 |a влажный пар 
610 1 |a перегрев пара 
610 1 |a уравнения 
610 1 |a таблицы 
675 |a 536.7(075)  |v 4 
700 1 |a Яшнов  |b А. И. 
801 1 |a RU  |b 63413507  |c 20160618 
801 2 |a RU  |b 63413507  |c 20200929  |g RCR 
942 |c BK